| 000 | 00961nam a2200229 a 4500 | ||
|---|---|---|---|
| 001 | BRCA_9084 | ||
| 005 | 20190320210521.0 | ||
| 008 | 110917s1734----it-#######---#000-0#lat-# | ||
| 041 | _alat | ||
| 044 | _ait | ||
| 084 |
_aU118 _b.S23 1734 |
||
| 245 | 1 | 0 | _aSacrae rotae romanae decisiones, et summorum pontificum constitutiones recentissimae, theatrum veritatis & justitiae Cardinalis de Luca, ejusque tractatus de officiis venal. et statut. successionibus amplectentes, confirmantes, & laudantes. |
| 260 |
_aVenetiis _bEs typographia Balleoniana _c1734 |
||
| 300 |
_a2 vol. _c38.5 x 24.5 cm |
||
| 500 | _aSuperorum permissu, ac privilegiis | ||
| 500 | _aEstado físico: presenta encuadernación en piel y deteriorada | ||
| 505 | 0 | _aContenido T.1 y T.3 | |
| 600 | 1 | 4 |
_aDe Luca, Giovanni Battista _d1614 - 1683 _tTheatrum veritatis et justitiae _922451 |
| 650 | 1 | 4 |
_aDerecho canónico _xCasos _yObras anteriores a 1800 _922452 |
| 902 | _aCFM | ||
| 942 |
_2lcc _cB |
||
| 999 |
_c8734 _d8734 |
||